000 00655nam a22002177a 4500
001 77744
003 BD-RjUL
005 20211209083022.0
008 210104r19791973 ||||| |||| 00| 0 eng d
035 _a(BD-RjUL)77970
040 _aBD-RjUL
_beng
_cBD-RjUL
041 _aeng
082 _219
_a917.9
_bWIN 1979
100 _aWilliams, Richard L.
_9243251
245 1 4 _aThe Northwest Coast /
_cby Richard L. Williams and the editors of Time-Life Books.
260 _aNew York :
_bTime Life Books,
_c1973.
300 _a184 pages :
_bcolor illustrations ;
_c26 cm
490 _aTime-Life Books.
830 _aTime-Life Books.
_9243253
942 _2ddc
_cBK
999 _c77744
_d77744